Floods of February 1962 in southern Idaho and northeastern Nevada, (Record no. 29908)

MARC details
000 -LEADER
fixed length control field 00927cam a22002771 4500
001 - CONTROL NUMBER
control field gs 64000341
003 - CONTROL NUMBER IDENTIFIER
control field DLC
005 - DATE AND TIME OF LATEST TRANSACTION
control field 20260227111415.0
008 - FIXED-LENGTH DATA ELEMENTS--GENERAL INFORMATION
fixed length control field 821020s1962 dcuab f000 0 eng c
010 ## - LIBRARY OF CONGRESS CONTROL NUMBER
LC control number gs 64000341
035 ## - SYSTEM CONTROL NUMBER
System control number (OCoLC)8877812
040 ## - CATALOGING SOURCE
Original cataloging agency U.S. Geol. Survey. Libr.
Transcribing agency MsSM
Modifying agency MsSM
-- DLC
042 ## - AUTHENTICATION CODE
Authentication code premarc
043 ## - GEOGRAPHIC AREA CODE
Geographic area code n-us-id
-- n-us-nv
050 00 - LIBRARY OF CONGRESS CALL NUMBER
Classification number GB1219
Item number .T5
100 1# - MAIN ENTRY--PERSONAL NAME
Personal name Thomas, Cecil A.
Fuller form of name (Cecil Albert),
Dates associated with a name 1915-
245 10 - TITLE STATEMENT
Title Floods of February 1962 in southern Idaho and northeastern Nevada,
Statement of responsibility, etc. by Cecil A. Thomas and Robert D. Lamke.
260 ## - PUBLICATION, DISTRIBUTION, ETC.
Place of publication, distribution, etc. Washington,
Date of publication, distribution, etc. 1962.
300 ## - PHYSICAL DESCRIPTION
Extent iii, 30 p.
Other physical details illus., maps, diagrs., tables.
Dimensions 27cm.
410 20 - SERIES STATEMENT/ADDED ENTRY--CORPORATE NAME [OBSOLETE, CAN/MARC], [LOCAL, USA]
Corporate name or jurisdiction name as entry element Geological Survey (U.S.).
Title of a work Circular
Volume number/sequential designation 467
650 #0 - SUBJECT ADDED ENTRY--TOPICAL TERM
Topical term or geographic name entry element Floods
Geographic subdivision Idaho.
650 #0 - SUBJECT ADDED ENTRY--TOPICAL TERM
Topical term or geographic name entry element Floods
Geographic subdivision Nevada.
650 #0 - SUBJECT ADDED ENTRY--TOPICAL TERM
Topical term or geographic name entry element Stream measurements
Geographic subdivision Idaho.
650 #0 - SUBJECT ADDED ENTRY--TOPICAL TERM
Topical term or geographic name entry element Stream measurements
Geographic subdivision Nevada.
700 1# - ADDED ENTRY--PERSONAL NAME
Personal name Lamke, Robert D.,
Dates associated with a name 1928-
Relator term joint author

No items available.

Powered by Koha